000 00184nam a2200073Ia 4500
008 170817s9999 xx 000 0 und d
100 _aBharadwaj.R.K
245 0 _ashiksha ke aadhaar
260 _bAgarwal Prakashan Agara
999 _c39354
_d39354